Les 10 Pays les plus Médaillés aux Jeux Olympiques 2026 (Mort Subite) - Statistiques

Statistiques générales
  • Ce quiz a été pris 170 fois
    120 depuis la dernière actualisation
  • Le résultat moyen est 4 sur 10
Answers on the Grid
Answers color-coded by a green-red scale on the quiz's grid according to % correct below.
Norvège
États-Unis
Pays-Bas
Italie
Allemagne
France
Suède
Suisse
Autriche
Japon
Canada
Chine
Corée du Sud
Australie
Grande-Bretagne
Espagne
Pologne
Finlande
Lettonie
Bulgarie
Belgique
 
Statistiques - réponses
Réponse % Correct
6ème place du classement (8🥇; 9🥈; 6🥉) France
63%
2ème place du classement (12🥇; 12🥈; 9🥉) États-Unis
58%
1ère place du classement (18🥇; 12🥈; 11🥉) Norvège
53%
5ème place du classement (8🥇; 10🥈; 8🥉) Allemagne
39%
4ème place du classement (10🥇; 6🥈; 14🥉) Italie
37%
3ème place du classement (10🥇; 7🥈; 3🥉) Pays-Bas
35%
7ème place du classement (8🥇; 6🥈; 4🥉) Suède
31%
8ème place du classement (6🥇; 9🥈; 8🥉) Suisse
29%
9ème place du classement (5🥇; 8🥈; 5🥉) Autriche
13%
10ème place du classement (5🥇; 7🥈; 12🥉) Japon
13%
Aucun quiz correspondant
Distribution des résultats
% des personnes avec chaque résultat
Percentile par nombre de réponses
Votre historique - résultats
Vous n’avez pas pris ce quiz depuis la dernière actualisation